| 000 -LEADER |
| fixed length control field |
00934cam a2200253 a 4500 |
| 001 - CONTROL NUMBER |
| control field |
18005 |
| 003 - CONTROL NUMBER IDENTIFIER |
| control field |
BD-DhUAP |
| 005 - DATE AND TIME OF LATEST TRANSACTION |
| control field |
20200303124349.0 |
| 008 - FIXED-LENGTH DATA ELEMENTS--GENERAL INFORMATION |
| fixed length control field |
200303s2000 enka b 000 0deng d |
| 020 ## - INTERNATIONAL STANDARD BOOK NUMBER |
| International Standard Book Number |
1843091658 |
| 020 ## - INTERNATIONAL STANDARD BOOK NUMBER |
| International Standard Book Number |
9781843091653 |
| 040 ## - CATALOGING SOURCE |
| Original cataloging agency |
CLU |
| Transcribing agency |
CLU |
| Modifying agency |
BD-DhUAP |
| Language of cataloging |
Eng |
| 082 00 - DEWEY DECIMAL CLASSIFICATION NUMBER |
| Classification number |
930 BRO |
| Edition number |
23 |
| 100 1# - MAIN ENTRY--PERSONAL NAME |
| Personal name |
Brooks, Philip. |
| 245 10 - TITLE STATEMENT |
| Title |
The illustrated history encyclopedia civilizations, exploration & conquest : |
| Remainder of title |
charts the amazing progress of humankind, from the Stone Age to the Space Age / |
| Statement of responsibility, etc. |
Philip Brooks, Will Fowler and Simon Adams. |
| 260 ## - PUBLICATION, DISTRIBUTION, ETC. |
| Place of publication, distribution, etc. |
London : |
| Name of publisher, distributor, etc. |
Hermes House, |
| Date of publication, distribution, etc. |
c2000. |
| 300 ## - PHYSICAL DESCRIPTION |
| Extent |
255 pages : |
| Other physical details |
illustrations ; |
| Dimensions |
30 cm. |
| 504 ## - BIBLIOGRAPHY, ETC. NOTE |
| Bibliography, etc. note |
Includes bibliographical references (p. 252-255). |
| 650 #0 - SUBJECT ADDED ENTRY--TOPICAL TERM |
| Topical term or geographic name entry element |
Architecture |
| Geographic subdivision |
Switzerland |
| General subdivision |
History |
| Chronological subdivision |
20th century. |
| 650 #0 - SUBJECT ADDED ENTRY--TOPICAL TERM |
| Topical term or geographic name entry element |
Architecture |
| Geographic subdivision |
Switzerland |
| General subdivision |
History |
| Chronological subdivision |
21st century. |
| 700 ## - ADDED ENTRY--PERSONAL NAME |
| Personal name |
Fowler, Will. |
| 700 ## - ADDED ENTRY--PERSONAL NAME |
| Personal name |
Adams, Simon. |
| 942 ## - ADDED ENTRY ELEMENTS (KOHA) |
| Source of classification or shelving scheme |
|
| Koha item type |
Book |